Spracovanie neacidifikovaných odpadových vôd vo vysokovýkonných anaeróbnych reaktoroch : Obh. 9.6.1997 /

Na minha lista:
Detalhes bibliográficos
Autor principal: Kozáková, Katarína (Author)
Formato: Manuscrito Livro
Idioma:eslovaco
Publicado em: Bratislava : STU v Bratislave ChtF, 1997
Tags: Adicionar Tag
Sem tags, seja o primeiro a adicionar uma tag!

MARC

LEADER 00000ntm a22000003a 4500
001 stu24643
005 20150617225743.0
008 970709s1997----xo------------------slo-d
040 |a STU  |b slo 
041 0 |a slo 
044 |a xo 
100 1 |a Kozáková, Katarína  |4 aut 
245 1 |a Spracovanie neacidifikovaných odpadových vôd vo vysokovýkonných anaeróbnych reaktoroch :  |b Obh. 9.6.1997 /  |c [aut.]Kozáková,Katarína 
260 |a Bratislava :  |b STU v Bratislave ChtF,  |c 1997 
300 |a 55 s :  |b Tab.,grafy,lit 
500 |a Zameranie: Technológia životného prostredia 
996 |b CD12409  |c C*D12409  |l CCI  |s A  |a 24  |w stu24643_0001